000 00575nam a2200193Ia 4500
003 LDD
008 181029s9999 xx 000 0 und d
020 _a8187365323
_c600.00
040 _cLDD
100 _aGupta, Kalpna
245 0 _aAdolescent girls urban society and fimily life
_bAn Analytical Study
_cKalpna Gupta
260 _aNew Delhi
_bSunrise
_c2006
300 _axvii, 195p
365 _b600.00
901 _a3877
_b14-03-2007
902 _aUBS7400
_b15-03-2007
_cF
_dUPPAL
_e64
903 _aDiscount-10
_bReqst by : Anu Anaja
942 _2ddc
_cBK
999 _c78751
_d78751